Statistics for WWE Royal Rumble 2022 Man

Click here to take the quiz!

General Stats

  • This quiz has been taken 64 times
    (46 since last reset)
  • The average score is 10 of 30

Answer Stats

EntrantsAnswer% Correct
2.Randy Orton
76%
30.Brock Lesnar
74%
5.Edge
74%
21.AJ Styles
71%
16.Seth Rollins
55%
4.Drew Mcintyre
52%
27.Rey Mysterio
52%
29.Roman Reigns
50%
28.John Cena
43%
1.The Miz
43%
15.Riddle
40%
3.Otis
36%
26.Ricochet
36%
22.Cesaro
29%
13.Kane
24%
24.Daniel Bryan
19%
20.Goldberg
19%
19.Bobby Lashley
17%
12.Damian Priest
17%
25.Dean Ambrose
17%
14.Dominik Mysterio
17%
6.Austin Theory
14%
18.Braun Strowman
14%
9.Sami Zayn
14%
7.The Rock
14%
11.Carlito
12%
10.Elias
12%
8.Kevin Owens
12%
17.Jey Uso
10%
23.Jimmy Uso
10%

Score Distribution

Percentile by Number Answered

Percent of People with Each Score

Your Score History

You have not taken this quiz since the last reset